Bir Tutkunun Elinde (Record no. 3736)
[ view plain ]
| 000 -LEADER | |
|---|---|
| fixed length control field | 00534nam a22001817a 4500 |
| 008 - FIXED-LENGTH DATA ELEMENTS--GENERAL INFORMATION | |
| fixed length control field | 190802b ||||| |||| 00| m eng d |
| 020 ## - INTERNATIONAL STANDARD BOOK NUMBER | |
| International Standard Book Number | 9786055936556 |
| 041 ## - LANGUAGE CODE | |
| Language code of text/sound track or separate title | Türkçe |
| 050 ## - LIBRARY OF CONGRESS CALL NUMBER | |
| Classification number | PL217 |
| 100 ## - MAIN ENTRY--PERSONAL NAME | |
| 9 (RLIN) | 1605 |
| Personal name | Kolcu, Hasan |
| 245 ## - TITLE STATEMENT | |
| Title | Bir Tutkunun Elinde |
| Remainder of title | Türk Edebiyatı Araştırmaları |
| 250 ## - EDITION STATEMENT | |
| Edition statement | 1. Baskı |
| 260 ## - PUBLICATION, DISTRIBUTION, ETC. | |
| Place of publication, distribution, etc. | İzmit-Kocaeli: |
| Name of publisher, distributor, etc. | Umuttepe Yayınları, |
| Date of publication, distribution, etc. | Temmuz 2011 |
| 300 ## - PHYSICAL DESCRIPTION | |
| Extent | 455 Sayfa |
| 500 ## - GENERAL NOTE | |
| General note | Umuttepe Yayınları ; 54 Edebiyat Dizisi ; 7 |
| 650 #0 - SUBJECT ADDED ENTRY--TOPICAL TERM | |
| Topical term or geographic name entry element | Araştırma-İnceleme |
| 9 (RLIN) | 1687 |
| 942 ## - ADDED ENTRY ELEMENTS (KOHA) | |
| Source of classification or shelving scheme | |
| Koha item type | Books |
| Withdrawn status | Lost status | Source of classification or shelving scheme | Damaged status | Not for loan | Permanent Location | Current Location | Shelving location | Date acquired | Full call number | Barcode | Date last seen | Price effective from | Koha item type |
|---|---|---|---|---|---|---|---|---|---|---|---|---|---|
| Ödünç verilemez | İmren Ahmet Tüzün Kütüphanesi | İmren Ahmet Tüzün Kütüphanesi | Ahmet Tüzün | 2019-08-02 | PL217 | 100100003883 | 2019-08-02 | 2019-08-02 | Books | ||||
| Ödünç verilemez | İmren Ahmet Tüzün Kütüphanesi | İmren Ahmet Tüzün Kütüphanesi | Ahmet Tüzün | 2019-08-23 | PL217 | 100100004006 | 2019-08-23 | 2019-08-23 | Books |
